01726nam a2200457 i 450000100060000000300080000600500170001400600190003100700150005000800410006502000180010602000270012403500230015103500240017403500250019803500210022304000310024405000200027508000070029508200120030224501140031426400570042830000410048533600310052633700330055733800430059050000230063358801280065659001590078465000150094365000180095865000180097665000190099465500270101370000410104070000400108170000490112179700190117085600620118999900170125133243FlNmELB20241216220815.0m o d | cr cnu||||||||170206s2010 sp o 001 0 spa d z9788433851222 a9788433852601 (e-book) a(MiAaPQ)EBC4760494 a(Au-PeEL)EBL4760494 a(CaPaEBR)ebr11312475 a(OCoLC)984813593 aFINmELBbspaerdacFINmELB 4aQB44bA859 2010 a520 a52022300aAstronomía /cAgatángelo Soler Díaz, Eduardo Battaner López, María Luisa Sánchez Saavedra (eds.). 1aGranada :bEditorial Universidad de Granada,c[2010] a1 recurso en línea (174 páginas) atextobtxt2rdacontent/spa acomputadorabc2rdamedia/spa arecurso en líneabcr2rdacarrier/spa aContiene índice. aDescripción basada en recurso en línea; Título de la página del título en PDF (e-libro, visto February 06, 2017). aRecurso electronico. Santa Fe, Arg. : e-libro, 2016. Disponible via World Wide Web. El acceso puede ser limitado para las bibliotecas afiliadas a e-libro. 0aAstronomy. 4aAstronomía. 0aAstrophysics. 4aAstrofísica. 4aLibros electrónicos.1 aSoler Díaz, Agatángelo,eeditor.1 aBattaner López, Eduardo,eeditor.1 aSánchez Saavedra, María Luisa,eeditora.2 ae-libro, Corp.40uhttps://elibro.net/ereader/politecnicointernacional/48111 c33243d33243